000 01023pam a2200301 a 4500
001 2632
005 20240105135649.0
020 _a1556612346 :
_c$5.99
020 _a9781556612343
040 _aDLC
_cDLC
_dDLC
_beng
050 0 0 _aPZ7.S677
_bKe 1992
082 0 0 _a796.54
_220
100 1 _aSnelling, Lauraine
245 1 0 _aKentucky dreamer /
_cLauraine Snelling
260 _aMinneapolis, :
_bBethany House Publishers,
_c1991
300 _a173 pages ;
_c20 cm
490 1 _aGolden filly series ;
_vBook 4
500 _a"Young adult fiction (12 and up)"--Cover.
505 _aK
520 _aHaving won the Santa Anita Derby, Trish and her horse look forward to competing in the Kentucky Derby, until a series of misfortunes interferes with their dream.
521 _a600
_bLexile estimate
521 _aK
_bRaz-Plus
650 1 _aHorse racing
_xFiction.
650 1 _aFamily problems
_xFiction.
650 1 _aChristian life
_xFiction.
906 _a7
_bcbc
_corignew
_d1
_eocip
_f19
_gy-gencatlg
942 _2ddc
_cBK
_n0
999 _c2632
_d2632